1658 1845 1507 1974 1799 1983 1131 1640 1545 1756 1086 1151 1989 1481 1582 1415 1387 1670 1200 1118 1849 1461 1820 1828 1908 1787 1099 1108 1085 1804 1188 1908 1479 1470 1220 1679 1689 1049 1240 1873 1460 1142 1597 1647 1840 1350 1670 1604 1834 1828 1662 1122 1645 1858 1049 1032 1391 1067 1426 1671 1164 1294 1277 1984 1972 1165 1317 1983 1460 1847 1572 1017 1054 1951 1800 1747 1642 1800 1939 1029 1594 1543 1482 1873 1366 1452 1599 1902 1555 1134 1473 1319 1922 1033 1901 1770 1257 1405 1839 BCNSPRNW ULIB Ver.6.0+V

เปลี่ยนเป็นภาษาไทย

Change to English
 แสดงรายละเอียดบรรณานุกรม
  กลับหน้าหลัก

Brief Record : Get Marc (ISO 2709) : E-mail record : QR code < ปิดหน้าต่าง
LEADER : 00000nam 2200000uu 4500
001    13399121305
003     ULIB
008    121114s2546||||th 000 0 tha d
020    ^a9749023102
050  4 ^aPE1130^bS111ว
100 0  ^aThornbury, Scott
245 10 ^aวิธีสอนศัพท์ =^bHow to teach vocabulary /^cThornbury, Scott
246 31 ^aHow to teach vocabulary
250    ^aพิมพ์ครั้งที่ 1
260    ^aกรุงเทพฯ :^bPearson Education incochina,^c2546
300    ^a237 หน้า
650  7 ^aภาษาอังกฤษ^xการศึกษาและการสอน
650  7 ^aภาษาอังกฤษ^xคำศัพท์
945    ^p430^l0^i14158
995    ^aวิภา
999 ^a ทศพร
รายการนี้ยังไม่มีแท็ก
คุณยังไม่ได้ล็อกอิน คุณสามารถมีกิจกรรมร่วมกับเว็บไซต์ได้ แต่ต้องล็อกอินก่อน ::
  ล็อกอิน

รายการสื่อสารสนเทศ

ลำดับที่ ประเภท เลขเรียก/บาร์โค้ด สถานที่ สถานะ
1. วิทยาศาสตร์การแพทย์ และสุขภาพ
วิทยาศาสตร์การแพทย์ และสุขภาพ
PE1130 S111ว  
  Barcode: 14158
ห้องสมุดวิทยาเขตสวรรค์ประชารักษ์
►หนังสือทั่วไป
บนชั้น

รายการใกล้เคียง
    ผู้แต่ง [Thornbury, Scott]

    หัวเรื่อง [ภาษาอังกฤษ การศึกษาและการสอน]
    หัวเรื่อง [ภาษาอังกฤษ คำศัพท์]

BibComment


ยังไม่เคยถูกคอมเมนท์

คอมเมนท์ทรัพยากรรายการนี้
  คอมเมนท์: วิธีสอนศัพท์ Ho..


 Copyright 2026. Bcnsprnw @Library